Język angielski - brytyjski vs. amerykański - Statystyki

Ogólne statystyki
  • Ten quiz został rozwiązany 85 razy
  • Średni wynik to 10 z 19
Statystyki odpowiedzi
Polski UK English US English % Poprawnych
Piłka nożna Football Soccer
86%
Winda Lift Elevator
82%
Sweter Jumper Sweater
80%
Spodnie Trousers Pants
79%
Śmieci Rubbish Trash
78%
Autostrada Motorway Highway
63%
Samolot Aeroplane Airplane
62%
Mieszkanie Flat Apartment
59%
Więzienie Prison Jail
54%
Metro Underground/Tube Subway
53%
Frytki Chips French Fries
50%
Latarka Torch Flashlight
49%
Chodnik Pavement Sidewalk
46%
Parter Ground floor First floor
43%
Benzyna Petrol Gasoline
43%
I Piętro First floor Second Floor
42%
Dżinsy Jeans Denim
34%
Suwak Zip Zipper
26%
Tramwaj Tram Streetcar
8%
Nie znaleziono quizów pasujących do podanych kryteriów
Rozkład punktacji
Procent ludzi z każdym wynikiem
Percentyl według liczby udzielonych odpowiedzi
Twoja historia wyników
Nie rozwiązałeś tego quizu